000 00264nam a22001097a 4500
008 240708b |||||||| |||| 00| 0 eng d
100 _aAmarkant
_916667
245 _aDiwar Aur Aangan
260 _aAllahabad:
_c1969.
_bBhem Vayaktiv;
300 _a253p.
942 _cBK
999 _c40462
_d40462